00670nam a2200241 a 4500001001300000003000900013005001700022008004100039020001000080082001500090100002300105245002400128260003500152300000900187500003500196505001000231650001900241700002300260902000800283942000700291952011500298999001500413nice12345678IN_TiNIC20260116012124.0050524s0000 newa grp 000 0 eng  ac10000a262.7bMIC aMicklem, Nathaniel aUltimate Questions. aNew YorkbAbingdon Pressc0000 a136p aincludes index and biblioraphy2 aIndex aChurch-Renewal1 aMicklem, Nathaniel bSRS cBK 001040708StackRoom-aHMIbHMId2007-07-11g100.00l0o262.7 MICp08837r2007-07-11v100.00w2005-05-24yBK c5732d5732